Bay Area Locals Quiz - Statistics

General Stats
  • This quiz has been taken 134 times
  • The average score is 9 of 15
Answer Stats
Hint Answer % Correct
Name one of the three core cities in the Bay Oakland II San Francisco II San Jose
99%
The Bay Area's most valued and adored NBA team Golden State Warriors
94%
Iconic bridge that's not the color it's named after The Golden Gate Brigde
94%
Name one of the two major league baseball teams Oakland A's II SF Giants
87%
Slang for Northern California Norcal
77%
UC that every smart high school kid tries to get into? UC Berkeley
74%
City which is home to Apple Headquarters Cupertino
73%
Amusement park in Santa Clara that many residents in East and South Bay have most likely gone to. California's Great America
68%
City named after a type of tree Redwood City
59%
How many Counties are in the Bay Area? nine
58%
Everyone is afraid that once the major San Andreas earthquake has happened, this will come next A Tsunami
43%
This county is north of San Pablo Bay and is also known as the Wine Country Napa County
43%
The bridge that lowkey smells like egg fart when it is crossed San Mateo Bridge
27%
Least populated city in the Bay Area Colma
20%
Where Joey Bragg from Liv and Maddie was born Union City
7%
No matching quizzes found
Score Distribution
Percent of People with Each Score
Percentile by Number Answered
Your Score History
You have not taken this quiz